| 000 | 00572nam a2200205 a 4500 | ||
|---|---|---|---|
| 005 | 20210219152518.0 | ||
| 008 | 991125s1940 mx 000 0 spa u | ||
| 035 | _aUPN01000055577 | ||
| 049 | _aCG | ||
| 050 | 4 | _aPQ7185 V4.8 | |
| 100 | 1 | _aVetancurt, Agustín de, Fray | |
| 245 | 1 | 0 |
_aTeatro mexicano / _cFray Agustín de Vetancurt |
| 260 |
_aMéxico : _bARS, _c1940 |
||
| 300 | _a4 v | ||
| 440 | 0 | _aAutores clásicos mexicanos. Historia | |
| 500 | _aLa biblioteca tiene el vol. 1 | ||
| 650 | 4 |
_aTEATRO MEXICANO- _xHISTORIA |
|
| 904 |
_aAC _b055580 |
||
| 905 | _aLibro | ||
| 999 |
_c55577 _d55577 |
||